00707nam a2200157 a 450000500170000000800410001705000200005810000180007824500320009626000320012852001690016065000460032965000570037599900190043295200980045120140414131855.0100817s19uu xx 00 eng d aM 947bH21 1999 aHarvey, Miles aLook what came from Russia. aNew York :bFranklin Watts. aDescribes many things that originally cam from Russia, including inventions, sports and games, food, fashion, musical instruments, animal arts and crafts, and words aRussiaxCivilizationxJuvenile literature aCivilizationxRussia influencesxJuvenile literature c110408d110408 001040aMUbMUcMd2010-08-17l0oM 947 H21 1999pM0802r2014-04-14 00:00:00w2014-04-14yBK